Clubs de Foot et leur stade (Mort subite) - Statistiques

Statistiques générales
  • Ce quiz a été pris 7 331 fois
  • Le résultat moyen est 5 sur 10
Answers on the Grid
Answers color-coded by a green-red scale on the quiz's grid according to % correct below.
FC Nantes (Stade de la Beaujoire)
FC Metz (Stade Saint-Symphorien)
Olympique Lyonnais (Stade de la Route de Saint-Etienne)
Olympique de Marseille (Parc des Princes)
SM Caen (Stade Malherbe)
Stade Rennais (Roazhon Park)
FC Lorient (Stade du Moustoir)
AS Saint-Etienne (Stade Louis II)
Montpellier HSC (Stade la Mosson)
Lille OSC (Stade Pierre-Mauroy)
Stade de Reims (Stade Raymond-Kopa)
Angers SCO (SCO Stadium)
Stade Brestois 29 (Stade Francis-Le Blé)
Paris SG (Stade de France)
OGC Nice (Allianz Riviera)
AS Monaco (Stade Stéphanie)
Paris FC (Stade Charléty)
Clermont Foot 63 (Stade Marcel-Michelin)
EA Guingamp (Wembley Stadium)
Grenoble Foot 38 (Stade des Alpes)
 
Statistiques - réponses
Réponse % Correct
Lille OSC (Stade Pierre-Mauroy)
57%
FC Nantes (Stade de la Beaujoire)
56%
OGC Nice (Allianz Riviera)
56%
Stade Rennais (Roazhon Park)
53%
Montpellier HSC (Stade la Mosson)
47%
Stade Brestois 29 (Stade Francis-Le Blé)
46%
FC Metz (Stade Saint-Symphorien)
40%
FC Lorient (Stade du Moustoir)
36%
Paris FC (Stade Charléty)
35%
Grenoble Foot 38 (Stade des Alpes)
31%
Aucun quiz correspondant
Distribution des résultats
% des personnes avec chaque résultat
Percentile par nombre de réponses
Votre historique - résultats
Vous n’avez pas pris ce quiz